Fair trade unmasked or Notes on the Minority Report of the Royal Commission on the depression of trade and industri / (Record no. 159272)

MARC details
000 -LEADER
campo de control de longitud fija 00653nam a22001695i 4500
001 - NÚMERO DE CONTROL
campo de control 159272
003 - IDENTIFICADOR DE NÚMERO DE CONTROL
campo de control ES-MaACL
005 - FECHA Y HORA DE LA ÚLTIMA TRANSACCIÓN
campo de control 20230906211524.0
008 - DATOS DE LONGITUD FIJA--INFORMACIÓN GENERAL
campo de control de longitud fija 040910s1887 xxk |||| | eng d
040 ## - FUENTE DE CATALOGACIÓN
Centro catalogador/agencia de origen CAM
Lengua de catalogación spa
Centro/agencia transcriptor CAM
100 1# - ENTRADA PRINCIPAL--NOMBRE DE PERSONA
Nombre de persona Medley, George W.
9 (RLIN) 129793
245 10 - MENCIÓN DEL TÍTULO
Título Fair trade unmasked or Notes on the Minority Report of the Royal Commission on the depression of trade and industri /
Mención de responsabilidad, etc. by George W. Medley.
260 ## - PUBLICACIÓN, DISTRIBUCIÓN, ETC.
Lugar de publicación, distribución, etc. London [etc.],
Fecha de publicación, distribución, etc. Cassell & company
-- [s.a.]
300 ## - DESCRIPCIÓN FÍSICA
Extensión 95 p. ;
Dimensiones 18 cm.
596 ## - NOTA AL PIE DE IMPRENTA
NOTA AL PIE DE IMPRENTA Prefacio fechado en 1887.
852 ## - LOCALIZACIÓN
Ubicación ES-MaACL
Número de control de estantería T-1302-F
Nota libre -- Enc. hol. conservando la cub. original
-- -- Enc. en un vol. facticio
Holdings
Estatus retirado Estado de pérdida Fuente del sistema de clasificación o colocación Estado de daño No para préstamo Colección Biblioteca de origen Biblioteca actual Ubicación en estantería Fecha de adquisición Total de préstamos Signatura topográfica completa Código de barras Visto por última vez Precio de reemplazo Tipo de ítem Koha
    Clasificación decimal universal     Colección de folletos Biblioteca del Ateneo de Madrid Biblioteca del Ateneo de Madrid Depósito folletos 17/01/2008   T-1302-F-9 1166732 23/02/2023 23/02/2023 Folleto